000 01301nam2a2200253 4500
001 RU\NLR\BIBL_A\022572684
005 20251218170150.0
021 _aRU
_bКН-П-25-025925
_9КН-П-25-2581
035 _a(NLR Aleph) 022572684
090 _a13506303
_c13506303
100 _a20250623d2023 k y0rusy50 ca
101 0 _arus
102 _aRU
105 _aah z 010yd
200 0 _aВып. 5
210 _d2023
215 _a199 с.
_cил., табл., факс.
300 _aНа обл.: Республика Бурятия, 100 лет
320 _aБиблиогр. в подстроч. примеч.
461 0 _1001RU\NLR\BIBL_A\022631369
_12001#$aОтчий край$eкраеведческий сборник$fНациональная библиотека Республики Бурятия$g[сост.: Е. А. Голубев, Р. Д. Жаргалова]$gответственный редактор: Л. В. Гармаева$vВып. 5
_913506548
_cУлан-Удэ
_d2023–
_fНациональная библиотека Республики Бурятия
_nНациональная библиотека РБ
_oкраеведческий сборник
_tОтчий край
_vВып. 5
942 _cBOOK
980 _aNB